000 00818nam a2200229 a 4500
001 000005856
005 20240409073824.0
008 090824s2009 dr a 000 j spa d
020 _a9789945162950
040 _aDO-SdBNP
_bspa
_cBNPHU
082 _aRD863.44
_bJ58j
100 1 _aJesús Ulerio, Luis Felipe de,
_d1970-
_91334
245 1 0 _aJade y el pollito amarillo /
_cLuis Felipe de Jesús Ulerio.
250 _a2a ed. corregida y ampliada
260 _aSanto Domingo, :
_bBúho,
_c2009.
300 _a49 p. :
_bil. ;
_c22 cm.
500 _aIncluye datos biográficos del autor en la contracubierta
500 _aIncluye guía de actividades y juegos infantiles
650 0 _aCuentos infantiles dominicanos
_9505
650 4 _aLiteratura infantil dominicana
_9441
910 _aValidado. Control de calidad MMOLINA
999 _c5652
_d5652